Youth of North-East India : (Record no. 145212)

MARC details
000 -LEADER
fixed length control field 00587nam a22001697a 4500
005 - DATE AND TIME OF LATEST TRANSACTION
control field 20170921150516.0
010 ## - LCCN (DPL NO)
LC control number ENG-120633
020 ## - INTERNATIONAL STANDARD BOOK NUMBER
Terms of availability 435.00
International Standard Book Number 9788123765525
035 ## - SYSTEM CONTROL NUMBER
System control number EN-104165
037 ## - SOURCE OF ACQUISITION
Source of stock number/acquisition DBAD/PUB
082 ## - DEWEY DECIMAL CLASSIFICATION NUMBER
Classification number 305.2350954
245 ## - TITLE STATEMENT
Title Youth of North-East India :
Statement of responsibility, etc complied by T. Varadarajulu Naidu
Remainder of title demographics and readership /
260 ## - PUBLICATION, DISTRIBUTION, ETC. (IMPRINT)
Place of publication, distribution, etc New Delhi
Name of publisher, distributor, etc National Book Trust
Date of publication, distribution, etc 201?
270 ## - ADDRESS
City New Delhi
Address Nehru Bhawan, 5 Institutional Area, Phase-II, Vasant Kunj,
Postal code 110070
300 ## - PHYSICAL DESCRIPTION
Extent vi,154p.
Other physical details 24cm(Hb).
942 ## - ADDED ENTRY ELEMENTS (KOHA)
Source of classification or shelving scheme Dewey Decimal Classification
Item type English Books
Classification part 305.23509541
Call number suffix YOU
Holdings
Withdrawn status Lost status Not for loan Collection code Home library Current library Date acquired Source of acquisition Cost, normal purchase price Full call number Barcode Copy number Cost, replacement price Koha item type
    Not For Loan Non-fiction D.B.Act.Division Bawana 21/09/2017 DBAD/PUB 435.00 305.23509541 YOU EN-104165 1 435.00 English Books

© Delhi Public Library
Hit Counter
free hit counter